000 00616nam a22001937a 4500
999 _c13786
_d13786
003 AR-CdUCM
008 190416b ||||| |||| 00| 0 spa d
040 _aMUNICIPALIDAD PROVINCIAL DEL CUSCO
_cBIBLIOTECA MUNICIPAL DEL CUSCO
082 _a329.1 /
_bAP64
245 _aApra rebelde /
260 _aLima :
_bGrafica T. Scheuch,
300 _a12 paginas ;
_c21 cm.
_bIlustraciones
505 _aContenido : Apra pueblo rebelde -- Reforma agraria.
650 _aApra
_91868
650 _aReforma agraia
_932345
650 _aPartido de los trabajadores
_932346
942 _2ddc
_cFOLLETOS
945 _awnts
_d2019-04-16